Fallout New Vegas - Legion Characters - Statistics

General Stats
  • This quiz has been taken 54 times
  • The average score is 13 of 40
Answer Stats
Hint Answer % Correct
The Son of Mars and Leader of the Legion Caesar
100%
Current Legate, known as the "Monster of the East" Lanius
83%
Former Legate and Co-Founder of the Legion, known as the "Burned Man" Joshua Graham
78%
Head of the Frumentarii Vulpes Inculta
78%
Birth name of above Edward Sallow
68%
Head of the Praetorian Guard Lucius
44%
(Formerly) Frumentarii who discovered the Hoover Dam, who invites the player to the Divide Ulysses
41%
Decanus holding Camp Nelson, who gives the player the quest "We are Legion" Dead Sea
39%
War chief of the White Legs who allies his tribe with the Legion Salt-Upon-Wounds
39%
Centurion at Cottonwood Cove who buys NCR dogtags Aurelius of Phoenix
37%
Follower of the Apocalypse physician that was sent east with above, both getting captured by the Blackfoot tribe Bill Calhoun
34%
A frumentarii working as a Legion ambassador to the Great Khans Karl
34%
Powder ganger in the Nipton Lottery who won. Smell that air! Oliver Swanick
34%
Former Legion dog who was lost in battle, now lives in Freeside Rex
32%
Disguised frumentarii located in Camp McCarran, commander of Bravo Company Ronald Curtis
32%
Runner up in the Nipton Lottery who got his legs smashed by hammers Boxcars
29%
Runs the Arena at Fortification Hill Otho
29%
Frumentarii who delivers the Mark of Caesar if above is dead Alerio
27%
A captured centurion who is being interrogated by Lieutenant Boyd at Camp McCarran Silus
27%
The Houndmaster, formerly part of the Hangdogs tribe Antony
24%
Belongs to above, mother of many Legion hounds Lupa
24%
Is heard talking to above over radio during the quest "I Put a Spell on You" Lupa
24%
Child slave who's bear, Sergeant Teddy, was taken Melody
24%
Slave at Fortification Hill who has basic medical training Siri
24%
Last name of the family that are "Captures," sold by above Weathers
24%
Great Khan who is crucified outside of Cottonwood Cove for smuggling chems Anders
22%
Slave master at Cottonwood Cove Canyon Runner
22%
Frumentarii stationed at Hoover Dam, who assists the player during the assassination of President Kimball Cato Hostilius
22%
Ferryman in Cottonwood Cove Cursor Lucullus
22%
True name of above Picus
22%
Quartermaster and Second in command at Cottonwood Cove, who the player can teach how to disarm and reuse mines Decanus Severus
15%
Frumentarii who appears in Nipton if 2 above is dead Gabban
15%
Marked Centurion who appears in Dry Wells if the player uses the above's missiles to attack the Legion Gaius Magnus
15%
A spy who believes she is gathering intel for the NCR, but is unknowingly helping the Legion Martina Groesbeck
15%
A captured female NCR ranger the player can fight in the arena Stella
15%
Decanus at Techatticup Mine who holds 2 NCR soldiers captive Alexus
12%
Veteran Legionary who resupplies the Legion Safehouse Atticus
12%
A caravan merchant who supplies the Legion, found inside of the Fort Dale Barton
12%
(Formerly) Legion slave who's affair with a centurion was almost discovered, and escaped Jimmy
7%
A captured NCR soldier the player can fight in the arena Sergeant Andrews
7%
No matching quizzes found
Score Distribution
Percent of People with Each Score
Percentile by Number Answered
Your Score History
You have not taken this quiz